A1 Autostrada del Sole (mappa) - Morte improvvisa - Statistics

Statistiche generali
  • Questo quiz è stato fatto 1.699 volte
  • Il punteggio medio è 4 su 21
Answers on the Grid
Answers color-coded by a green-red scale on the quiz's grid according to % correct below.
 
Statistiche sulle risposte
Risposta % Corretto
34%
31%
30%
29%
27%
26%
26%
23%
21%
20%
19%
19%
19%
19%
16%
14%
12%
12%
11%
9%
8%
Nessun quiz corrispondente trovato
Distribuzione punteggi
Percentuale di utenti per punteggio
Percentile per numero di risposta
I tuoi punteggi nel tempo
Non hai fatto questo quiz